Geographic perspectives on Soviet Central Asia

Saved in:
Bibliographic Details
Other Authors: Lewis, Robert A. (Editor), Churchill, Robert R. (Cartographer), Tate, Amanda (Cartographer)
Format: Book
Language:English
Published: New York : Routledge, c1992
Series:Studies of the Harriman Institute
Subjects:
Tags: Add Tag
No Tags, Be the first to tag this record!

MARC

LEADER 00000nam a2200000 i 4500
001 1/94867
008 991130s1992 eng d
020 |a 0-415-07592-0 
035 |l 10055029 
040 |a GR-MY-UA  |b gre  |e aacr 
041 0 |a eng 
082 0 |a 915.84 
245 1 0 |a Geographic perspectives on Soviet Central Asia /  |c edited by Robert A. Lewis; cartography by Robert R. Churchill and Amanda Tate 
260 |a New York :   |b Routledge,   |c c1992 
300 |a xv, 323 p.;  |b ill.; maps ;  |c 25 cm. 
490 1 |a Studies of the Harriman Institute 
504 |a Includes bibliographical references and index 
651 0 |a Asia, Central  |x Geography. 
651 0 |a Asia, Central  |x Politics and government. 
651 0 |a Asia, Central  |x Economic conditions. 
700 1 |a Lewis, Robert A.  |4 edt 
700 1 |a Churchill, Robert R.  |4 ctg 
700 1 |a Tate, Amanda.  |4 ctg 
830 0 |a Studies of the Harriman Institute 
852 |a INST  |b LESVOS  |e 19991130  |h 915.84 GEO  |p 005100022411  |q 005100022411  |t BK  |y 0 
901 |a BIBL1-1999-3 
909 |a Λ  |b 070259 
922 |a 1ΕΛΗ  |b 199911  |c ΚΠΣ/ΤΓ  |d LEADER 
950 |a 118-1999-09-03 
970 |a ΤΖΑΦΕΡΗ  |b ΕΥΑΓΓΕΛΙΑ  |z 1999/12/15